000 01226nam a22003017a 4500
001 5292
003 FISKH
005 20251126120008.0
008 241125b cb ||||| |||| 00| 0 eng d
020 _a9780439429351
040 _aFISKH
_beng
_cFISKH
_dFISKH
050 _aPZ7.S78612
082 _a551.21
100 _aStamper, Judith
_d(1947-)
245 _aVoyage to the volcano /
250 _aPublished in 2003
260 _aNew York :
_bScholastic,
_c2003.
300 _a87 pages :
_bIllustrations ;
_c20 cm
505 _aR
520 _aHi, I'm Dorothy Ann, one of the kids in Ms. Frizzle's class. When we started learning about volcanoes, I thought we'd just be studying them in books -- but Ms. Frizzle had other ideas. She took us all the way to Hawaii, where we waded through lava and saw a real volcano blow its top. We had a great time -- even though the trip was sometimes almost too hot to handle! One thing's for sure: This was one explosive adventure that none of us will ever forget!.
521 8 _a680L
_bLexile
521 8 _aR
_bRaz-Plus
650 _2Chapter book
_aGeology
650 _2Fiction
_aScience
700 _aSpeirs, John
_dIllustrator
942 _2ddc
_cBK
_n0
999 _c5292
_d5292